[Event "Noisy le Grand op"]
[Site "Noisy le Grand"]
[Date "2003.??.??"]
[Round "1"]
[White "Truong Ngoc, Benoit"]
[Black "Flom, Gabriel"]
[Result "0-1"]
[WhiteElo "1740"]
[BlackElo "2281"]
[PlyCount "82"]
[EventDate "2003.05.??"]
[EventType "swiss"]
[EventRounds "7"]
[EventCountry "FRA"]
[SourceTitle "EXT 2005"]
[Source "ChessBase"]
[SourceDate "2004.11.15"]
[SourceVersion "1"]
[SourceVersionDate "2004.11.15"]
[SourceQuality "1"]

1. Nf3 Nf6 2. e3 g6 3. d4 Bg7 4. c4 d5 5. Nbd2 0-0 6. Be2 Nc6 7. 0-0 Bf5 8. a3 a5 9. cxd5 Qxd5 10. Bc4 Qd6 11. Re1 Ne4 12. Qb3 a4 13. Qa2 Na5 14. Nxe4 Bxe4 15. Ng5 Nxc4 16. Nxe4 Qc6 17. Nc5 b5 18. b3 axb3 19. Qxb3 e5 20. Rb1 Rab8 21. a4 exd4 22. exd4 Bxd4 23. Nd3 Na5 24. axb5 Qb6 25. Qc2 c5 26. Be3 Rbc8 27. Bxd4 cxd4 28. Qa2 Nc4 29. Rec1 Nd6 30. Rxc8 Rxc8 31. Qa6 Rb8 32. Qxb6 Rxb6 33. f3 Rxb5 34. Rxb5 Nxb5 35. Kf2 Nc3 36. Ke1 Kg7 37. Kd2 Kf6 38. f4 Kf5 39. g3 f6 40. h3 Ne4+ 41. Kc2 Nxg3 0-1